000 01093nam a2200217 a 4500
008 120416s1985 ||||||||||||||||| || u
020 _a0521305543
050 _aHF 1410.5 Int
100 _aMarston, Richard C
245 1 0 _aInternational economic policy coordination
_cedited by Willem H. Buiter
260 _aCambridge
_bCambridge University Press
_c1985
300 _axvi, 386p. : ill.
350 _a0.00
500 _a'Proceedings of the conference 'International Economic Policy Coordination' sponsored by the Centre for Economic Policy Research and the National Bureau of Economic Research, and held in London on June 28th-29th, 1984'--Pref. -Includes bibliographies and index.
650 _aINTERNATIONAL ECONOMIC RELATIONS--CONGRESSES
650 0 _aECONOMICS
700 _aBuiter, Willem H., 1949-
710 _aNational Bureau of Economic Research
710 _aCentre for Economic Policy Research (Great Britain)
995 _D0.00
_FCBU-MAIN LIBRARY (Kitwe)
_H1
_I27.50
_M1
_UAVAILABLE
_ZAnnex Low-Usage Collection
999 _c47350
_d47350